000
00312cam a2200121ua 4500
020
_a
8178802597
082
_a
025.00285
_b
AGA/DI
100
_a
Agrawal, Nitish .
_9
746
245
_a
Digital Cataloguing and Classification
260
_a
New Delhi :
_b
Rajat Publications ,
_c
2006.
300
_a
277 ; .
942
_c
BK
999
_c
13378
_d
13378